NLSUI OPAC header image

History of medieval India / (Record no. 25060)

MARC details
000 -LEADER
fixed length control field 00533nam a2200193Ia 4500
005 - DATE AND TIME OF LATEST TRANSACTION
control field 20260316102629.0
008 - FIXED-LENGTH DATA ELEMENTS--GENERAL INFORMATION
fixed length control field 160316s2007 xxu||||| |||| 00| 0 eng d
020 ## - INTERNATIONAL STANDARD BOOK NUMBER
International Standard Book Number 9788125032267
082 ## - DEWEY DECIMAL CLASSIFICATION NUMBER
Classification number 954 CHA
100 ## - MAIN ENTRY--PERSONAL NAME
Personal name Chandra, Satish
245 ## - TITLE STATEMENT
Title History of medieval India /
Statement of responsibility, etc. Satish Chandra
260 ## - PUBLICATION, DISTRIBUTION, ETC.
Place of publication, distribution, etc. Hyderabad :
Name of publisher, distributor, etc. Orient Longman,
Date of publication, distribution, etc. 2007.
300 ## - PHYSICAL DESCRIPTION
Extent xi, 418 p. ;
Dimensions 23 cm.
365 ## - TRADE PRICE
Price amount Rs. 340
650 ## - SUBJECT ADDED ENTRY--TOPICAL TERM
Topical term or geographic name entry element History -- Medieval India
650 ## - SUBJECT ADDED ENTRY--TOPICAL TERM
Topical term or geographic name entry element Indian History -- Medieval Period
700 ## - ADDED ENTRY--PERSONAL NAME
Personal name
--
942 ## - ADDED ENTRY ELEMENTS (KOHA)
Source of classification or shelving scheme Dewey Decimal Classification
Koha item type BOOKs
Holdings
Withdrawn status Lost status Damaged status Not for loan Home library Current library Shelving location Date acquired Cost, normal purchase price Total Checkouts Total Renewals Full call number Barcode Date last seen Date last checked out Price effective from Koha item type
        NLS NLS   30/05/2017 340.00 5 1 954 CHA-1 22607 21/03/2025 14/03/2025 30/05/2017 BOOKs
        NLS NLS   30/05/2017 340.00     954 CHA-2 22608 14/06/2024   30/05/2017 BOOKs
        NLS NLS   30/05/2017 340.00     954 CHA-3 22609 30/05/2017   30/05/2017 BOOKs
        NLS NLS   30/05/2017 340.00     954 CHA-4 22610 30/05/2017   30/05/2017 BOOKs